书目信息 |
| 题名: |
弹性波层析成像技术开发及其工程应用
|
|
| 作者: | 陈文华 , 侯靖 , 黄世强 , 李广场 著 | |
| 分册: | ||
| 出版信息: | 北京 中国水利水电出版社 2022.02 |
|
| 页数: | 378页 | |
| 开本: | 26cm | |
| 丛书名: | ||
| 单 册: | ||
| 中图分类: | O347.4 | |
| 科图分类: | ||
| 主题词: | 弹性波--dan xing bo--层析成象--研究 | |
| 电子资源: | ||
| ISBN: | 978-7-5226-0518-0 | |
| 000 | 01320nam0 2200277 450 | |
| 001 | 25326 | |
| 005 | 20220918181003.40 | |
| 010 | @a978-7-5226-0518-0@dCNY138.00 | |
| 100 | @a20220517d2022 em y0chiy50 ea | |
| 101 | 0 | @achi |
| 102 | @aCN@b110000 | |
| 105 | @aak a 000yy | |
| 200 | 1 | @a弹性波层析成像技术开发及其工程应用@Adan xing bo ceng xi cheng xiang ji shu kai fa ji qi gong cheng ying yong@f陈文华 ... [等] 著 |
| 210 | @a北京@c中国水利水电出版社@d2022.02 | |
| 215 | @a378页@c图@d26cm | |
| 304 | @a题名页题其余责任者: 侯靖, 黄世强, 李广场 | |
| 320 | @a有书目 (第377-378页) | |
| 330 | @a本书介绍了弹性波传播的基本原理与正反演方法, 现场数据采集、分析和解释的关键技术 ; 提供了弹性波层析成像二维和三维正反演计算软件的主要源代码以及工程实测原始数据, 有效地提高了弹性波层析成像方法的地质探测效果, 积累了丰富的工程实践经验。特别在我国西部水电能源开发过程中, 应用弹性波层析成像方法较好地解决了金沙江、雅砻江、怒江、澜沧江等水流湍急大江大河的跨江地质勘探难题, 对于我国西部水电清洁能源开发发挥了重要的作用。 | |
| 606 | 0 | @a弹性波@Adan xing bo@x层析成象@x研究 |
| 690 | @aO347.4@v5 | |
| 701 | 0 | @a陈文华@Achen wen hua@4著 |
| 701 | 0 | @a侯靖@Ahou jing@4著 |
| 701 | 0 | @a黄世强@Ahuang shi qiang@4著 |
| 701 | 0 | @a李广场@Ali guang chang@4著 |
| 801 | 0 | @aCN@c20220910 |
| 905 | @a河南城建学院图书馆@dO347.4@eC580@f1 | |
| 弹性波层析成像技术开发及其工程应用/陈文华 ... [等] 著.-北京:中国水利水电出版社,2022.02 |
| 378页:图;26cm |
| ISBN 978-7-5226-0518-0:CNY138.00 |
| 本书介绍了弹性波传播的基本原理与正反演方法, 现场数据采集、分析和解释的关键技术 ; 提供了弹性波层析成像二维和三维正反演计算软件的主要源代码以及工程实测原始数据, 有效地提高了弹性波层析成像方法的地质探测效果, 积累了丰富的工程实践经验。特别在我国西部水电能源开发过程中, 应用弹性波层析成像方法较好地解决了金沙江、雅砻江、怒江、澜沧江等水流湍急大江大河的跨江地质勘探难题, 对于我国西部水电清洁能源开发发挥了重要的作用。 |
| ● |
| 相关链接 |
|
|
|
正题名:弹性波层析成像技术开发及其工程应用
索取号:O347.4/C580
 
预约/预借
| 序号 | 登录号 | 条形码 | 馆藏地/架位号 | 状态 | 备注 |
| 1 | 1576157 | 215761575 | 自科库401/401自科库 53排2列5层/ [索取号:O347.4/C580] | 在馆 |